Culture Générale - Série 542 - Statistiques

Statistiques générales
  • Ce quiz a été pris 205 fois
  • Le résultat moyen est 7 sur 10
Statistiques - réponses
Question Réponse % Correct
Dans quel pays êtes-vous si vous passez vos vacances sur la Costa Brava ? Espagne
96%
Quel est le participe passé du verbe "pouvoir" ? pu
92%
Quels animaux d'origine slovène ont été réintroduits dans les Pyrénées en 2006 ? ours
89%
Dans la cuisine italienne, à partir de quelle céréale prépare-t-on la polenta ? maïs
84%
Quel est le premier nombre premier à trois chiffres ? 101
81%
En quelle année la première "Déclaration des droits de l'homme et du citoyen" a-t-elle été votée en France ? 1789
78%
Qui était le sélectionneur de l'équipe de France lors de la Coupe du monde de football 1998 ? Aimé Jacquet
75%
De quel département la ville d'Orléans est-elle le chef-lieu ? Loiret
70%
Quel autre nom qu'épines donne-t-on aux feuilles du pin parasol ? aiguilles
37%
Selon le titre d'une chanson de 1985, quel chanteur affirme qu'il veut "du cuir" ? Alain Souchon
30%
Aucun quiz correspondant
Distribution des résultats
% des personnes avec chaque résultat
Percentile par nombre de réponses
Votre historique - résultats
Vous n’avez pas pris ce quiz